Summitt's Fundamentals of Operative Dentistry-2 : (Record no. 36751)

MARC details
000 -LEADER
fixed length control field 00788nam a22002297a 4500
005 - DATE AND TIME OF LATEST TRANSACTION
control field 20241104145355.0
008 - FIXED-LENGTH DATA ELEMENTS--GENERAL INFORMATION
fixed length control field 241104b |||||||| |||| 00| 0 eng d
020 ## - INTERNATIONAL STANDARD BOOK NUMBER
ISBN 978-0-86715-528-0
082 ## - DEWEY DECIMAL CLASSIFICATION NUMBER
Classification number 617.605
Item number SUM-S
100 ## - MAIN ENTRY--AUTHOR
Author Name Summit
245 ## - TITLE STATEMENT
Title Summitt's Fundamentals of Operative Dentistry-2 :
Remainder of title a contemporary approach/
Statement of responsibility, etc. Edited by Thomas J. Hilton, Jack L.Ferracane, James C. Broome ; Illustrated by Jose dos Santos
250 ## - EDITION STATEMENT
Edition statement 4th ed.
260 ## - PUBLICATION, DISTRIBUTION, ETC.
Place of Publication China :
Name of publisher, distributor, etc. Quintessence Publishing Co ;
Date of publication, distribution, etc. 2013 .
300 ## - PHYSICAL DESCRIPTION
Pages 1138 p. :
490 ## - SERIES STATEMENT
Volume vol.2
500 ## - GENERAL NOTE
General note Include Index.
650 ## - SUBJECT ADDED ENTRY--TOPICAL TERM
Subject / Department Medical / Dentistry
650 ## - SUBJECT ADDED ENTRY--TOPICAL TERM
Subject / Department Dentistry / Operative Dentistry
700 ## - ADDED ENTRY--PERSONAL NAME
Personal name Jack L.Ferracane (Editor)
700 ## - ADDED ENTRY--PERSONAL NAME
Personal name Jose dos Santos (Illustrator)
300 ## - PHYSICAL DESCRIPTION
-- ill. ;
-- 28 cm.
952 ## - LOCATION AND ITEM INFORMATION (KOHA)
-- 0
-- 0
952 ## - LOCATION AND ITEM INFORMATION (KOHA)
-- 0
-- 0
952 ## - LOCATION AND ITEM INFORMATION (KOHA)
-- 0
-- 0
Holdings
Lost status Damaged status Collection code Permanent Location Current Location Shelving Location Date acquired Full Call Number Accession No./Barcode Date last seen Copy number item type Koha item type
    Medical Superior Information Resource Center (SIRC) Superior University- Main Campus Superior Information Resource Center (SIRC) Superior University- Main Campus Dentistry 11/04/2024 617.605 SUM-S 2013 29702 11/04/2024 1 BOOK BOOK
    Medical Superior Information Resource Center (SIRC) Superior University- Main Campus Superior Information Resource Center (SIRC) Superior University- Main Campus Dentistry 11/04/2024 617.605 SUM-S 2013 29703 11/04/2024 2 BOOK BOOK
    Medical Superior Information Resource Center (SIRC) Superior University- Main Campus Superior Information Resource Center (SIRC) Superior University- Main Campus Dentistry 11/04/2024 617.605 SUM-S 2013 29704 11/04/2024 3 BOOK BOOK

Powered by Koha